Derecho, Sociedad y Riesgos: la sociedad contemporánea vista a partir de la idea de riesgo
Guardat en:
| Autor corporatiu: | |
|---|---|
| Format: | Llibre |
| Idioma: | espanyol |
| Publicat: |
Brasilia
UNICEUB
2007
Brasilia UNITAR 2007 |
| Edició: | 1a. ed |
| Matèries: | |
| Etiquetes: |
Afegir etiqueta
Sense etiquetes, Sigues el primer a etiquetar aquest registre!
|
MARC
| LEADER | 00000nam a2200000 a 4500 | ||
|---|---|---|---|
| 001 | UCJ9940 | ||
| 003 | CL-VaPUC | ||
| 008 | 070413e20070000bl |||||||||||||||||spa|d | ||
| 020 | |a 9788589833882 | ||
| 082 | 0 | 4 | |a 340.115 |b RED |2 21 |
| 110 | 2 | |a Red Latino-Americana y Europea sobre Gobierno de los Riesgos |e author |9 520014 | |
| 245 | 1 | 0 | |a Derecho, Sociedad y Riesgos: la sociedad contemporánea vista a partir de la idea de riesgo |
| 250 | |a 1a. ed | ||
| 300 | |a 528 p | ||
| 942 | |c BK | ||
| 945 | |d 20070413 00:00:00 |a lvergara | ||
| 260 | |a Brasilia |b UNICEUB |c 2007 | ||
| 260 | |a Brasilia |b UNITAR |c 2007 | ||
| 650 | 0 | |a Sociología del derecho |9 254890 | |
| 583 | |a last modification |c 20171220 12:18:33 |k Rodrigo Vera | ||
| 999 | |c 325283 |d 325281 | ||
| 952 | |0 0 |1 0 |4 0 |6 340_115000000000000_RED_2007_2007 |7 0 |8 A |9 405924 |a BIBDER |b BIBDER |d 2019-11-22 |i 4329600 |o 340.115 RED 2007 2007 |p 4329600 |r 2023-01-25 |w 2019-11-22 |y BK |k DER | ||
| 952 | |0 0 |1 0 |4 0 |6 340_115000000000000_RED_2007_2007 |7 0 |8 A |9 405925 |a BIBDER |b BIBDER |d 2019-11-22 |i 4329619 |o 340.115 RED 2007 2007 |p 4329619 |r 2023-01-25 |w 2019-11-22 |y BK |k DER | ||